| 000 | 00644nam a2200193 a 4500 | ||
|---|---|---|---|
| 005 | 20140310183602.0 | ||
| 008 | 120716s19uu xx 00 eng d | ||
| 020 | _a9789712723834 | ||
| 050 |
_aPN 6014 _b.C154 2010 |
||
| 100 | _aCalixihan, Jovita O. | ||
| 245 |
_aGEMS 2 : _cJovita O. Calixihan, Lucesa Y. Diano. _bin Afro-Asian literature / |
||
| 260 |
_aPasig City, Philippines : _bAnvil Pub, _c2010. |
||
| 300 |
_axxxii, 294 p. : _c26 cm. |
||
| 650 |
_aAfrican literature _xTranslations into English |
||
| 650 |
_aOriental literature _xTranslations into English |
||
| 700 | _aDiano, Lucesa Y. | ||
| 942 |
_cBK _2lcc _kLOC |
||
| 999 |
_c25106 _d25106 |
||